Estadísticas para Mapa de Australia

Haz click aquí para tomar la prueba!

Estadísticas generales

  • Esta prueba ha sido tomada 2.132 veces
  • La puntuación promedio es 5 de 8

Respuestas en el mapa

Las respuestas están codificadas por una escala verde-roja en el mapa de la prueba según el % correcto abajo.
Cargando...
 

Estadísticas de respuestas

Respuesta% Correcto
Tasmania
84%
Australia Occidental
80%
Territorio del Norte
76%
Territorio de la Capital Australiana
75%
Australia Meridional
64%
Nueva Gales del Sur
58%
Queensland
56%
Victoria
47%

Distribución de puntuación

Porcentaje por número respondido

Porcentaje de gente con cada puntuación

Historial de tus puntuaciones

No has tomado esta prueba